Giờ phút then chốt ( Những vấn đề cần giải quyết gấp của Trung Quốc ngày nay )

সংরক্ষণ করুন:
গ্রন্থ-পঞ্জীর বিবরন
প্রধান লেখক: Hứa Minh
বিন্যাস: গ্রন্থ
ভাষা:Undetermined
প্রকাশিত: H. CAND 2003
বিষয়গুলি:
ট্যাগগুলো: ট্যাগ যুক্ত করুন
কোনো ট্যাগ নেই, প্রথমজন হিসাবে ট্যাগ করুন!
Thư viện lưu trữ: Trung tâm Học liệu Trường Đại học Cần Thơ
LEADER 00607nam a2200205Ia 4500
001 CTU_58023
008 210402s9999 xx 000 0 und d
020 |b 75000 
082 |a 951 
082 |b M312 
100 |a Hứa Minh 
245 0 |a Giờ phút then chốt ( Những vấn đề cần giải quyết gấp của Trung Quốc ngày nay ) 
245 0 |c Hứa Minh; Đào Văn Lưu biên dịch 
260 |a H. 
260 |b CAND 
260 |c 2003 
650 |a china 
650 |x history 
904 |i Minh 
980 |a Trung tâm Học liệu Trường Đại học Cần Thơ